| 000 | 00924nam a22002777a 4500 | ||
|---|---|---|---|
| 001 | 7404 | ||
| 003 | FISKH | ||
| 005 | 20250714091639.0 | ||
| 008 | 250714b cb ||||| |||| 00| 0 eng d | ||
| 040 |
_aFISKH _beng _cFISKH _dFISKH |
||
| 050 | _aPZ8.L565 T | ||
| 082 | _a548 | ||
| 100 | _aLeuck, Laura | ||
| 245 |
_aTeeny, Tiny mouse : _bA book about colors / _cby Laura Leuck ; Illustrated by Pat Schories |
||
| 250 | _aThis edition published in 2002 | ||
| 260 |
_aBristol : _bBridge Water Books, _c1998 |
||
| 300 |
_a32 unnumbered pages : _bcolor illustrations ; _c27 cm |
||
| 505 | _aG | ||
| 520 | _aA teeny, tiny mouse and his mommy point out objects of various colors all around their teeny, tiny house. | ||
| 521 | 8 |
_a300
_bLexile estimate |
|
| 521 | 8 |
_aG _bRaz-Plus |
|
| 650 |
_aRhyming _vMice _xPicture Book _yColor |
||
| 700 |
_aSchories, Pat _eillustrator |
||
| 942 |
_2ddc _cBK _n0 |
||
| 999 |
_c7404 _d7404 |
||